| 000 | 00476nam a2200193Ia 4500 | ||
|---|---|---|---|
| 008 | 180207s9999 xx 000 0 und d | ||
| 020 | _a9780439876407 | ||
| 050 | _bM381 2006 | ||
| 100 | _aMartin, Justin McCory | ||
| 245 | _aWeather! / | ||
| 245 | _cJustine McCory Martin. | ||
| 260 | _aNew York : | ||
| 260 | _bScholastic, | ||
| 260 | _c2006 | ||
| 300 | _a16 pages : | ||
| 300 | _bcolor illustration ; | ||
| 300 | _c23cm. | ||
| 440 | _aSciece vocabulary readers. | ||
| 999 |
_c355400 _d355400 |
||